000 00881nam a2200229 a 4500
001 000021094
005 20200930011231.0
008 100831s2007 ho c 000 0 spa d
020 _a9789992610763
040 _aDO-SdBNP
_bspa
_cBNPHU
082 _a809.933352
_bL297c
100 1 _aLanza, Carlos
_944111
245 1 0 _aContrapunto de la forma :
_bensayos críticos sobre arte hondureño y centroamericano /
_cCarlos Lanza, Ramón Caballero ; presentación José Antonio Funes.
260 _aTegucigalpa, Honduras :
_bSecretaría de Cultura, Artes y Deportes,
_c2007.
300 _a281 p. :
_bretrs. ;
_c22 cm.
500 _aIncluye datos biográficos de los autores en la solapa de la cubierta
650 4 _aArte hondureño
_xEnsayo
_944112
650 4 _aArte centroamericano
_944113
650 4 _aArte-historia
_944114
650 4 _aApreciación del arte
_95186
049 _aBNPD
999 _c20596
_d20596